The Science of Laboratory Diagnosis (Record no. 171)

MARC details
000 -LEADER
fixed length control field 00570nam a22002057a 4500
003 - CONTROL NUMBER IDENTIFIER
control field OSt
005 - DATE AND TIME OF LATEST TRANSACTION
control field 20191016150049.0
008 - FIXED-LENGTH DATA ELEMENTS--GENERAL INFORMATION
fixed length control field 140710b xxu||||| |||| 00| 0 eng d
020 ## - INTERNATIONAL STANDARD BOOK NUMBER
International Standard Book Number 0470859121
040 ## - CATALOGING SOURCE
Transcribing agency DNLM
082 ## - DEWEY DECIMAL CLASSIFICATION NUMBER
Classification number QY4 S62d 2005
Item number S
100 ## - MAIN ENTRY--PERSONAL NAME
Personal name Edited by Crocker, John; Burnett, David
9 (RLIN) 451
245 ## - TITLE STATEMENT
Title The Science of Laboratory Diagnosis
250 ## - EDITION STATEMENT
Edition statement 2nd ed.
260 ## - PUBLICATION, DISTRIBUTION, ETC. (IMPRINT)
Place of publication, distribution, etc. Chichester:
Name of publisher, distributor, etc. John Wiley,
Date of publication, distribution, etc. 2005
300 ## - PHYSICAL DESCRIPTION
Extent xxi,542p;
Other physical details col.ill
Dimensions 27cm
504 ## - BIBLIOGRAPHY, ETC. NOTE
Bibliography, etc References, & index included.
650 ## - SUBJECT ADDED ENTRY--TOPICAL TERM
Topical term or geographic name as entry element Laboratory diagnosis
9 (RLIN) 428
942 ## - ADDED ENTRY ELEMENTS (KOHA)
Source of classification or shelving scheme Other/Generic Classification Scheme
Koha item type Open Shelf
Holdings
Withdrawn status Lost status Source of classification or shelving scheme Damaged status Not for loan Home library Current library Date acquired Source of acquisition Inventory number Total Checkouts Full call number Barcode Date last seen Koha item type
    Other/Generic Classification Scheme     MUST Main Library MUST Main Library 10/07/2014 Purchase 12/35731   QY4 S62d 2005 2014-0550 30/09/2019 Open Shelf
    Other/Generic Classification Scheme     MUST Main Library MUST Main Library 10/07/2014   13/37171   QY4 S62d 2005 S 2014-0551 10/07/2014 Open Shelf
    Other/Generic Classification Scheme     MUST Main Library MUST Main Library 06/01/2015 Purchase 12/35734   QY4 S62d 2005 2015-0019 06/01/2015 Short Loan
    Other/Generic Classification Scheme     MUST Main Library MUST Main Library 06/01/2015 Purchase 12/35733   QY4 S62d 2005 2015-0020 06/01/2015 Short Loan
    Other/Generic Classification Scheme     MUST Main Library MUST Main Library 03/07/2015 Purchase 15/39208   QY4 S62d 2005 2015-2000 03/07/2015 Open Shelf
    Other/Generic Classification Scheme     MUST Main Library MUST Main Library 03/07/2015   15/39207   QY4 S62d 2005 S 2015-2001 03/07/2015 Open Shelf
    Other/Generic Classification Scheme     MUST Main Library MUST Main Library 20/06/2016 Purchase 12/35731   QY4 S62d 2005 S 2016-2598 20/06/2016 Open Shelf
    Other/Generic Classification Scheme     MUST Main Library MUST Main Library 24/06/2016 Purchase 12/35732   QY4 S62d 2005 2016-2689 24/06/2016 Open Shelf